000 00662nam a22001577a 4500
020 _a0-316-01505-9
082 _a823
_bPAT/D
100 _aPATTERSON, JAMES
245 _aDOUBLE CROSS
250 _aFIRST EDITION
260 _aUNITED STATES
_bLITTLE, BROWN AND COMPANT
_c2007
300 _a389
520 _aA spate of elaborate murders in Washington, D.C. have the whole East Coast on edge. They are like nothing Alex Cross and his new girlfriend, Detective Brianna Stone, have ever seen. With each murder, the case becomes increasingly complex. There's only one thing Alex knows: the killer adores an audience.
650 _aNOVEL
_zUNITED STATES
942 _cBK
999 _c2440
_d2440